Broadway Musicals: "I Want" and "I Am" songs - Statistics

General Stats
  • This quiz has been taken 26 times
  • The average score is 16 of 28
Answer Stats
Hint Answer % Correct
"My Shot" Alexander Hamilton, HAMILTON
84%
"What Baking Can Do" Jenna, WAITRESS
80%
"The Worst Pies in London" Mrs. Lovett, SWEENEY TODD
80%
"If I Were a Rich Man" Tevye, FIDDLER ON THE ROOF
80%
"Don't Lose Ur Head" Anne Boeyln, SIX
76%
"On My Own" Éponine, LES MISERABLES
76%
"Waving Through a Window" Evan, DEAR EVAN HANSEN
76%
"Sweet Transvestite" Frank n' Furter, THE ROCKY HORROR SHOW
68%
"Our Lady of the Underground" Persephone, HADESTOWN
68%
"Somewhere That's Green" Audrey, LITTLE SHOP OF HORRORS
64%
"Wouldn't It Be Loverly" Eliza Doolittle, MY FAIR LADY
64%
"Maybe This Time" Sally Bowles, CABARET
64%
"I Cain't Say No" Ado Annie, OKLAHOMA!
60%
"Mr. Cellophane" Amos Hart, CHICAGO
60%
"I Don't Know How to Love Him" Mary Magdalene, JESUS CHRIST SUPERSTAR
60%
"I'm The Greatest Star" Fanny Brice, FUNNY GIRL
56%
"Out Tonight" Mimi, RENT
56%
"You and Me (But Mostly Me)" Elder Price, THE BOOK OF MORMON
52%
"Some People" Mama Rose, GYPSY
52%
"I Speak Six Languages" Marcy Park, THE 25TH ANNUAL PUTNAM COUNTY SPELLING BEE
52%
"Corner of the Sky" Pippin, PIPPIN
52%
"Something's Coming" Tony, WEST SIDE STORY
48%
"Getting Married Today" Amy, COMPANY
44%
"Finishing the Hat" Georges, SUNDAY IN THE PARK WITH GEORGE
40%
"C'est Moi" Lancelot, CAMELOT
36%
"Waiting for Life" Ti Moune, ONCE ON THIS ISLAND
36%
"An English Teacher" Rosie, BYE BYE BIRDIE
32%
"Ring of Keys" Small Alison, FUN HOME
32%
No matching quizzes found
Score Distribution
Percent of People with Each Score
Percentile by Number Answered
Your Score History
You have not taken this quiz